000 00666nam a2200217Ii 4500
003 JO-AjNU
008 230605s9999||||xx |||||||||||||| ||und||
017 _a1980/2071
020 _a977-247-962-1
040 _aJO-AjNU
_bara
_erda
_cJO-AjNU
041 _aara
050 1 4 _aBP130.4.I27 1980
100 3 _aبن الشريف، محمود,
_eauthor
_96937
245 0 0 _aإطلالة على سورة يس
264 3 1 _aالقاهرة: دار المعارف، 1980
300 _a119ص
336 _atext
_btxt
_2rdacontent
337 _aunmediated
_bn
_2rdamedia
338 _avolume
_bnc
_2rdacarrier
650 4 _aقران كريم - تفسير - سورة ايس
_96938
999 _aA25
_c3593
_d3593